| 000 | 00724nam a2200241 a 4500 | ||
|---|---|---|---|
| 001 | 000037638 | ||
| 003 | DO-SdBNP | ||
| 005 | 20230928124628.0 | ||
| 007 | 000037638 | ||
| 008 | 121010s 20uu pe 000 0 spa d | ||
| 040 |
_aBPMSU _dspa _cBPMSU |
||
| 082 | 4 |
_a321.07 _bM867u _222 |
|
| 100 | 1 |
_a More, Tomás Sir, _d1478-1535. _cSanto |
|
| 245 | 1 | 0 |
_aUtopía / _cTomás Moro. |
| 260 |
_aLima, Perú : _bEditorial MV Fenix, _c[200?] |
||
| 300 |
_a79 p. : _c23 cm. _b |
||
| 490 | 0 |
_aGrandes obras literarias; _aMV Fénix |
|
| 590 | _aInventariado, 2023/VM | ||
| 650 | 4 | _aUtopías | |
| 650 | 4 |
_aIglesia y Estado _zGran Bretaña _xHistoria _ySiglo XVII. |
|
| 910 | _aVMateo V. Control de calidad. BPMSU | ||
| 942 |
_2ddc _cBK |
||
| 999 |
_c8278 _d8278 |
||